| 000 | 00470nam a22001697a 4500 | ||
|---|---|---|---|
| 008 | 230612b |||||||| |||| 00| 0 eng d | ||
| 020 | _a0 540 05535 2 | ||
| 040 |
_aNational Science Library _cNational Science Library |
||
| 080 |
_aR 912(100) _bM7 |
||
| 245 | _aPhilips' great world atlas | ||
| 260 |
_bGeorge Philip and Son Ltd., _c1987 |
||
| 300 | _axv, 144p. | ||
| 650 | _aGeography | ||
| 653 | _aAtlas | ||
| 700 | _aWillett, B M (Ed.) | ||
| 942 |
_2udc _cREF |
||
| 999 |
_c42387 _d42387 |
||